000 00331nam a22001337a 4500
020 _qPB.
040 _cFIZZA ISHAQ
082 _a006.3
_bBEN
100 _aGOERTZEL,BEN.
_9110625
245 _aARTIFICAL GENERAL INTELLIGENCE /
_cBEN GOERTZEL.
260 _aSWITZERLAND ;
_bSPRINGER,
_c2020.
300 _a372 P. ;
942 _2ddc
_cBK
999 _c593845
_d593845